S Matyldou po Indu /

Jeden z účastníků čs. vodácké expedice, která v r. 1975 jako první na světě proplula nejhlubší údolí světa po řece Indu, podává svědectví o průběhu této náročné plavby. Vypráví o přípravě expedice, o speciálním člunu Matyldě, o členech posádky, o četných setkáních s místními obyvateli, o dramatickýc...

Celý popis

Hlavní autor: Štětina, Jaromír, 1943-2025
Jazyk: Čeština
Vydáno: Praha : Panorama, 1979
Vydání: 1. vyd.
Edice: Cesty (Panorama)
Externí odkaz: Digitalizovaný dokument
Fyzický popis: 254 s., obr. oříl.
Knihy
Uloženo v:
LEADER 01479nam a22003252a 4500
001 001158821
003 CZ BrMZK
005 20111111112038.0
007 ta
008 110719s1979 xr f er|||||||||||cze d
015 |a cnb000155115 
035 |a (OCoLC)6581308 
040 |a ABA001  |b cze  |c ABA001  |d ABA001  |d BOA001 
080 9 |a 885.0-992(282.253.241) 
080 9 |a 796.57(0.062) 
100 1 |a Štětina, Jaromír,  |d 1943-2025  |7 jk01131387  |4 aut 
245 1 0 |a S Matyldou po Indu /  |c Jaromír Štětina 
250 |a 1. vyd. 
260 |a Praha :  |b Panorama,  |c 1979 
300 |a 254 s., obr. oříl. 
490 1 |a Cesty 
500 |a 30000 výt. 
520 |a Jeden z účastníků čs. vodácké expedice, která v r. 1975 jako první na světě proplula nejhlubší údolí světa po řece Indu, podává svědectví o průběhu této náročné plavby. Vypráví o přípravě expedice, o speciálním člunu Matyldě, o členech posádky, o četných setkáních s místními obyvateli, o dramatických i veselých příhodách plavby aj. 
830 0 |a Cesty (Panorama)  |0 s 
856 4 1 |u http://www.digitalniknihovna.cz/mzk/uuid/uuid:7d63a650-5cdc-11e3-ac69-005056827e51  |y Digitalizovaný dokument  |x NDK 
910 |a BOA001  |b 2-0813.881 
990 |a BK 
991 |b 201107 
996 6 |b 2619424317  |c 2-0813.881  |l MZK  |r Sklad / do 1 hodiny  |n 1  |w 001191947  |u 000010  |a 1  |e BOA001  |j MZK50  |s P 
996 7 |b 2619424319  |c 2-0813.881  |l MZK  |r Sklad / do 1 hodiny  |n 3  |w 001191947  |u 000020  |a 1  |e BOA001  |j MZK50  |s A